| 000 | 01332nkm0a2200337 4500 | ||
|---|---|---|---|
| 001 | RU\NLR\BIBL_A\022723034 | ||
| 005 | 20260406032947.0 | ||
| 035 | _a(NLR Aleph) 022723034 | ||
| 071 | 5 | 0 |
_d1 р. 50 к. _925000 |
| 090 |
_a89229 _c89229 |
||
| 100 | _a20260209d1945 b y0rusy50 ca | ||
| 101 | 0 | _arus | |
| 102 | _aRU | ||
| 116 | _aiiycxx bk zz | ||
| 181 | 0 |
_ab4 _bxb2e |
|
| 182 | 0 | _an | |
| 200 | 1 |
_aПтицы жарких стран _e[книжка-гармошка _fрисунки В. Ватагина] |
|
| 203 |
_aИзображение _bнеподвижное _bдвухмерное _bвизуальное _cнепосредственное |
||
| 210 |
_aМосква _cСоветский художник _d1945 |
||
| 215 |
_a1 л. (слож. в [10] с. цв. ил.) _d10,5х8,3 |
||
| 300 | _aВ вып. дан.: Л 69566 ; Зак. 695 ТЛ-2 | ||
| 606 |
_aКнижки-игрушки _3RU\NLR\AUTH\6601765960 _92696004 |
||
| 686 | 1 | _aШ801.38 | |
| 686 | 1 | _aЧ617.67/68 | |
| 700 | 1 |
_4440 _8rus _7ca _aВатагин _bВ. А. _cхудожник _f1883-1969 _gВасилий Алексеевич _3RU\NLR\AUTH\7777541 _960469 |
|
| 942 | _cVISUAL | ||
| 945 | _aРоссийская национальная библиотека | ||
| 980 | _aBV | ||
| 980 | _aNB | ||